Introduction to automata theory, languages, and computation / (Record no. 18946)

MARC details
000 -LEADER
fixed length control field 01244nam a2200349 i 4500
003 - CONTROL NUMBER IDENTIFIER
control field EG-ScBUE
005 - DATE AND TIME OF LATEST TRANSACTION
control field 20240916133543.0
008 - FIXED-LENGTH DATA ELEMENTS--GENERAL INFORMATION
fixed length control field 150209t2014 enkak f b 001 0 eng d
020 ## - INTERNATIONAL STANDARD BOOK NUMBER
International Standard Book Number 9781292039053
040 ## - CATALOGING SOURCE
Original cataloging agency EG-ScBUE
Language of cataloging eng
Description conventions rda
Transcribing agency EG-ScBUE
Modifying agency EG-ScBUE
082 04 - DEWEY DECIMAL CLASSIFICATION NUMBER
Edition number 22
Classification number 511.35
Item number HOP
100 1# - MAIN ENTRY--PERSONAL NAME
Personal name Hopcroft, John E.,
Dates associated with a name 1939-
Relator term author.
9 (RLIN) 17984
245 10 - TITLE STATEMENT
Title Introduction to automata theory, languages, and computation /
Statement of responsibility, etc Hopcroft, Motwan, Ullman.
250 ## - EDITION STATEMENT
Edition statement Third edition.
250 ## - EDITION STATEMENT
Edition statement Pearson new international edition.
264 #1 - PUBLICATION, DISTRIBUTION, ETC. (IMPRINT)
Place of publication, distribution, etc Harlow, United Kingdom :
Name of publisher, distributor, etc Pearson Education Limited,
Date of publication, distribution, etc [2014]
264 #4 - PUBLICATION, DISTRIBUTION, ETC. (IMPRINT)
Date of publication, distribution, etc c2014
300 ## - PHYSICAL DESCRIPTION
Extent ii, 488 pages :
Other physical details forms, tables ;
Dimensions 28 cm.
336 ## - CONTENT TYPE
Source rdacontent
Content type term text
Content type code txt
337 ## - MEDIA TYPE
Media type term unmediated
Source rdamedia
Media type code n
338 ## - CARRIER TYPE
Carrier type term volume
Carrier type code nc
Source rdacarrier
490 0# - SERIES STATEMENT
Series statement Always learning
504 ## - BIBLIOGRAPHY, ETC. NOTE
Bibliography, etc Includes bibliographical references and index.<br/>
650 #7 - SUBJECT ADDED ENTRY--TOPICAL TERM
9 (RLIN) 3450
Topical term or geographic name as entry element Machine theory.
Source of heading or term BUEsh
650 #7 - SUBJECT ADDED ENTRY--TOPICAL TERM
9 (RLIN) 11175
Topical term or geographic name as entry element Computational complexity.
Source of heading or term BUEsh
650 #7 - SUBJECT ADDED ENTRY--TOPICAL TERM
9 (RLIN) 3451
Topical term or geographic name as entry element Formal languages.
Source of heading or term BUEsh
653 ## - INDEX TERM--UNCONTROLLED
Resource For college Informatics and Computer Science
Arrived date list February2015
655 ## - INDEX TERM--GENRE/FORM
Form subdivision Reading book
9 (RLIN) 34232
700 1# - ADDED ENTRY--PERSONAL NAME
Personal name Motwani, Rajeev,
Relator term author.
9 (RLIN) 37352
700 1# - ADDED ENTRY--PERSONAL NAME
9 (RLIN) 37022
Personal name Ullman, Jeffrey D.,
Dates associated with a name 1942-
Relator term author.
942 ## - ADDED ENTRY ELEMENTS (KOHA)
Source of classification or shelving scheme Dewey Decimal Classification
Koha item type Book - Borrowing
Holdings
Withdrawn status Lost status Source of classification or shelving scheme Damaged status Not for loan Collection code Home library Current library Shelving location Date acquired Source of acquisition Cost, normal purchase price Serial Enumeration / chronology Total Checkouts Full call number Barcode Date last seen Cost, replacement price Price effective from Koha item type
    Dewey Decimal Classification     Baccah Central Library Central Library First floor 09/02/2015 Purchase 667.00 21291   511.35 HOP 000037374 15/07/2025 834.00 09/02/2015 Book - Borrowing
    Dewey Decimal Classification     Baccah Central Library Central Library First floor 09/02/2015 Purchase 667.00 21291   511.35 HOP 000037375 15/07/2025 834.00 09/02/2015 Book - Borrowing
    Dewey Decimal Classification     Baccah Central Library Central Library First floor 09/02/2015 Purchase 667.00 21291   511.35 HOP 000037376 15/07/2025 834.00   Book - Borrowing